<?xml version="1.0" encoding="UTF-8"?>
<collection xmlns="http://www.loc.gov/MARC21/slim">
 <record>
  <leader>00762pamaa2200217   4500</leader>
  <controlfield tag="001">0000019778</controlfield>
  <controlfield tag="005">20060516090000.0</controlfield>
  <datafield tag="020" ind1="0" ind2="0">
   <subfield code="a">0304325805 </subfield>
  </datafield>
  <datafield tag="082" ind1=" " ind2=" ">
   <subfield code="a">362.1969792 BOR 1992</subfield>
  </datafield>
  <datafield tag="090" ind1="0" ind2="0">
   <subfield code="a">RC607.A26 </subfield>
   <subfield code="b">BOR 1992</subfield>
  </datafield>
  <datafield tag="100" ind1="1" ind2="0">
   <subfield code="a">BOR </subfield>
  </datafield>
  <datafield tag="245" ind1="1" ind2="0">
   <subfield code="a">Theory and practice of HIV counselling : </subfield>
   <subfield code="b">a systemic approach  </subfield>
   <subfield code="c">Robert Bor, Riva Miller and Eleanor Goldman.</subfield>
  </datafield>
  <datafield tag="260" ind1="0" ind2="0">
   <subfield code="a">London: </subfield>
   <subfield code="b">Cassell, </subfield>
   <subfield code="c">1992.</subfield>
  </datafield>
  <datafield tag="300" ind1=" " ind2=" ">
   <subfield code="a">x, 192p.: </subfield>
   <subfield code="b">ill.; </subfield>
   <subfield code="c">25cm.</subfield>
  </datafield>
  <datafield tag="650" ind1="0" ind2="0">
   <subfield code="a">AIDS (Disease) -- </subfield>
   <subfield code="x">Patients -- </subfield>
   <subfield code="x">Counseling of </subfield>
  </datafield>
  <datafield tag="650" ind1="0" ind2="0">
   <subfield code="a">HIV-positive persons -- </subfield>
   <subfield code="x">Counseling of </subfield>
  </datafield>
  <datafield tag="650" ind1="0" ind2="0">
   <subfield code="a">AIDS (Disease) -- </subfield>
   <subfield code="x">Psychological aspects </subfield>
  </datafield>
  <datafield tag="650" ind1="0" ind2="0">
   <subfield code="a">Acquired immunodeficiency syndrome </subfield>
  </datafield>
  <datafield tag="650" ind1="0" ind2="0">
   <subfield code="a">HIV infections -- </subfield>
   <subfield code="x">Psychology </subfield>
  </datafield>
  <datafield tag="700" ind1="1" ind2="1">
   <subfield code="a">Miller, </subfield>
   <subfield code="h">Riva </subfield>
  </datafield>
  <datafield tag="700" ind1="1" ind2="1">
   <subfield code="a">GOLDMAN, </subfield>
   <subfield code="h">Eleanor </subfield>
  </datafield>
 </record>
</collection>
